000
00322nam a2200109Ia 4500
008
171211s9999 xx 000 0 und d
245
_a
Atlas of Sustainable Development Goals 2017
245
_c
World Bank
260
_c
2017
650
_x
Encyclopedia and Dictionary
856
_u
http://down.ebook777.com/064/146481080X.pdf
999
_c
350143
_d
350143